000 00352nam a2200133Ia 4500
005 20260328101517.0
008 260328s9999||||xx |||||||||||||| ||und||
100 _aBeng, Chua
245 0 _aPublic Space :
_b Design, use and management /
_cChua Beng
260 _bSingapore University Press
300 _a177 p.
650 _aDISEÑO URBANO
942 _cBK
999 _c9420
_d9420